| 000 | 01005nam a2200277Ia 4500 | ||
|---|---|---|---|
| 003 | GCL | ||
| 008 | 140319s9999 xx 000 0 ara d | ||
| 040 |
_aGCL / _cGCL |
||
| 082 | 0 | 4 |
_a323.44 _bو ف |
| 100 | 1 | _aوفاء سلاوى | |
| 245 | 1 | 0 |
_aفقه المحاكمات الادبية والفكرية : _bدراسة فى الخطاب والتأويل / _cوفاء سلاوى |
| 250 | _aالاولى | ||
| 260 |
_aالقاهرة : _bمركز القاهرة لدراسات حقوق الانسان ، _c2006 |
||
| 300 |
_a412ص ؛ _c24سم |
||
| 490 |
_aسلسلة اطروحات جامعية _v8 |
||
| 650 | 0 | 4 | _aتوفيق الحكيم |
| 650 | 0 | 4 | _aنجيب محفوظ |
| 650 | 0 | 4 | _aطه حسين |
| 650 | 0 | 4 | _aالناسخ والمنسوخ والقران |
| 650 | 0 | 4 | _aحرية التعبير |
| 650 | 0 | 4 | _aنصر حامد ابو زيد |
| 650 | 0 | 4 | _aاحمد فؤاد نجم |
| 650 | 0 | 4 | _aالكتب الممنوعة |
| 650 | 0 | 4 | _aالمحاكمات الأدبية |
| 942 |
_2ddc _cBK |
||
| 999 |
_c9555 _d9555 |
||